header

The making of Jordan (Record no. 114488)

MARC details
000 -LEADER
fixed length control field 01255nam a2200313Ia 4500
082 04 - DEWEY DECIMAL CLASSIFICATION NUMBER
Classification number 956.9504
100 1# - MAIN ENTRY--AUTHOR NAME
Personal name Eilon, Joab B.
245 14 - TITLE STATEMENT
Title The making of Jordan
260 ## - PUBLICATION, DISTRIBUTION, ETC. (IMPRINT)
Place of publication London :
Name of publisher I. B. Tauris,
Year of publication 2007.
300 ## - PHYSICAL DESCRIPTION
Number of Pages xiv, 214 p. :
Other physical details ill.
490 1# - SERIES STATEMENT
Series statement Library of modern Middle East studies ;
650 #0 - SUBJECT ADDED ENTRY--TOPICAL TERM
Topical Term Nation-building
856 40 - ELECTRONIC LOCATION AND ACCESS
Uniform Resource Identifier http://site.ebrary.com/lib/rucke/Doc?id=10194038

No items available.

© 2026 Rongo University
Contact us: librarian | system librarian | Rongo university